LEADER 01279nam1 22002411i 450 001 UON00088637 005 20231205102459.774 100 $a20020107d1974 |0itac50 ba 101 $ager 102 $aDE 105 $a|||| ||||| 200 1 $aOpuscula academia Berolinensia$eGesammelte Abhandlungen zur Klassischen Altertumswissenschaft Byzantistik und Romanischen philologie 1826-1871$fImmanuel Bekker 210 $aLeipzig$cZentralantiquaria der deuschen Demokratischen Republik$d1974 215 $a2 v.$d cm 463 1$1001UON00096854$12001 $aAus den Abhandlungen der Preussichen der Wissenschaften$e1826-1847$fImmanuel Bekker$1210 $aLeipzig$cZentralantiquariat der deutschen demokratischen republik$d1974$1215 $aVIII, 48 p.$d22 cm$v1 463 1$1001UON00096856$12001 $aAus den Monatsberichten der preussischen Akademie der Wissenschaften$e1842-1871$1205 $aImmanuel Bekker$1210 $aLeipzig$cZentralantiquariat der deutschen demokratischen republik$d1974$1215 $aVIII, 650 p.$d22 cm$v2 620 $aDE$dLeipzig$3UONL003218 700 1$aBEKKER$bImmanuel$3UONV062790$0480624 712 $aZentralantiquariat der DDR$3UONV247385$4650 801 $aIT$bSOL$c20240220$gRICA 912 $aUON00088637 996 $aOpuscula academia Berolinensia$91210917 997 $aUNIOR LEADER 01126nam0-2200373 --450 001 9910374058203321 005 20241025124932.0 010 $a978-88-331-3094-1 100 $a20200228d2019----kmuy0itay5050 ba 101 0 $aita 102 $aIT 105 $a 001yy 200 1 $a<>lavoro delle donne nell'Italia contemporanea$fAlessandra Pescarolo 210 $aRoma$cViella$d2019 215 $a364 p.$cill.$d21 cm 225 1 $aStoria delle donne e di genere$v11 610 0 $aDonne$aLavoro$aItalia$a1865-2018 610 0 $aLavoro delle donne$aItalia$aSec. 19.-21. 676 $a305.43$v23$zita 676 $a305.4300945$v23$zita 700 1$aPescarolo,$bAlessandra$0106588 801 0$aIT$bUNINA$gREICAT$2UNIMARC 901 $aBK 912 $a9910374058203321 952 $aCOLLEZ. 2495 (11)$b814/2020$fFSPBC 952 $a305.43 PESA 01$b2023/865$fFLFBC 952 $aV E1 27$b2020/204$fFGBC 952 $a305.43 PES 1$b12255$fBFS 959 $aFLFBC 959 $aBFS 959 $aFGBC 959 $aFSPBC 996 $aLavoro delle donne nell'Italia contemporanea$91569483 997 $aUNINA